| 000 | 01242nam0a22003251 4500 | ||
|---|---|---|---|
| 001 | rc\3457022 | ||
| 005 | 20250610121135.0 | ||
| 021 |
_aRU _b[75-9509] |
||
| 035 | _a(NLR Aleph) 007894371 | ||
| 090 |
_a7998159 _c7998159 |
||
| 100 | _a20130115d1974 |||y0rusy50 ca | ||
| 101 | 0 | _arus | |
| 102 | _aRU | ||
| 105 | _aa z ||||| | ||
| 200 | 1 | _aОтношение заряженных адронов к нейтронам на высотах гор | |
| 210 |
_aЕреван _c[ЕФИ] _d1974 |
||
| 215 |
_a22 с. _cчерт. _d20 |
||
| 225 | 1 |
_aЕреванский физический институт. Научные сообщения _vЕФИ-82 (74) |
|
| 300 | _aПеред загл. авт.: М.О. Азарян, Г.А. Кюркчян, Э.А. Мамиджанян и др. | ||
| 320 | _aСписок лит. в конце текста (16 назв.) | ||
| 606 |
_aАдроны _xСостав _2psbo |
||
| 606 |
_aКосмические лучи _xСостав в горных районах _2psbo |
||
| 701 | 1 |
_aКюркчян _bГ.А. |
|
| 701 | 1 |
_aАзарян _bМ.О. |
|
| 701 | 1 |
_aМамиджанян _bЭ.А. |
|
| 801 | 0 |
_aRU _bNLR _gpsbo |
|
| 801 | 1 |
_aRU _bELAR _2rusmarc |
|
| 852 |
_aNLR _jП7/1433 |
||
| 942 | _cBOOK | ||
| 980 | _aNB | ||